Discursos de resistencias juveniles en sociedades adultocéntricas

Guardado en:
Bibliografiske detaljer
Hovedforfatter: Duarte Queapper, Klaudio
Format: Texto
Udgivet: San José: DEI
Tags: Tilføj Tag
Ingen Tags, Vær først til at tagge denne postø!

MARC

LEADER 00000 a a2200000 04500
001 36894
003
040
020 |a 9977-83-151-3  
090 |a 1002 D812d  
100 |a Duarte Queapper, Klaudio  
245 |a Discursos de resistencias juveniles en sociedades adultocéntricas  
260 |a San José:   |b DEI  
300 |a 223 p.  
999 |c 16167  |d 16167